| 000 | 00573nam a2200145Ia 4500 | ||
|---|---|---|---|
| 008 | 170221s9999 xx 000 0 und d | ||
| 100 | _aIvan N. Chuev | ||
| 245 | _aInnovation and Integrated Structures of the Innovations in Modern Russia | ||
| 245 | _cIvan N. Chuev, Tatiana M. Panchenko, Vladimir S. Novikov, Olga A. Konnova, Nadezhda G. Iraeva, Irina S. Karabulatova | ||
| 260 | _bInternational Review of Management and Marketing | ||
| 260 | _c2016 | ||
| 300 | _a15 : 14 | ||
| 650 | _xMarketing. | ||
| 856 | _uhttp://www.econjournals.com/index.php/irmm/issue/view/70 | ||
| 999 |
_c312107 _d312107 |
||